000 00506nam a2200181Ia 4500
001 8490
005 20260306160613.0
008 260306t2013||||xx |||||||||||||| ||spa||
041 _aESP
082 _a371.1
_bM27G
100 _aPitluk, Laura
_eAUT
245 0 _aLa planificación didáctica:
_blas unidades didácticas, los proyectos y las secuencias didácticas. El juego trabajo
260 _c2013
300 _a236 páginas :
_c22 cm.
650 _aGEN
654 _aCED
942 _cLIB
_dJUS
_fJUS
_2ddc
_n
999 _c8490
_d8490